Power electronics / (Record no. 589)

MARC details
000 -LEADER
Fixed length control field 00449nam a2200169 4500
003 - CONTROL NUMBER IDENTIFIER
Control field SEACOMEC
005 - DATE AND TIME OF LATEST TRANSACTION
Control field 20250116122020.0
008 - FIXED-LENGTH DATA ELEMENTS--GENERAL INFORMATION
Fixed length control field 240206b |||||||| |||| 00| 0 eng d
020 ## - INTERNATIONAL STANDARD BOOK NUMBER / ISBN
Price Rs.350.00
International Standard Book Number 0074624008
040 ## - CATALOGING SOURCE
Original cataloging agency SEACOMEC
082 ## - DEWEY DECIMAL CLASSIFICATION NUMBER
Classification number 621.3178
Book Number S474
100 ## - MAIN ENTRY--PERSONAL NAME
Personal name Sen,P.C.
245 1# - TITLE STATEMENT
Title Power electronics /
Statement of responsibility P.C. Sen
260 ## - IMPRINT
Place of publication New Delhi
Name of publisher Tata McGraw Hill
Date of publication 2003
650 ## - SUBJECT ADDED ENTRY--TOPICAL TERM
Topical term Technology, transmission of electric power
942 ## - ADDED ENTRY ELEMENTS (KOHA)
Koha item type Books
Holdings
Withdrawn status Lost status Source of classification Damaged status Not for loan Home library Current library Date acquired Total Checkouts Call number Accession number Date last seen Price effective from Koha item type Copy number
    Dewey Decimal Classification     SEACOM ENGINEERING COLLEGE SEACOM ENGINEERING COLLEGE 06/06/2006   621.3178 S474 02189 06/02/2024 06/02/2024 Books  
    Dewey Decimal Classification     SEACOM ENGINEERING COLLEGE SEACOM ENGINEERING COLLEGE 06/06/2006   621.3178 S474 02190 16/01/2025 16/01/2025 Books 1
    Dewey Decimal Classification     SEACOM ENGINEERING COLLEGE SEACOM ENGINEERING COLLEGE 06/06/2006   621.3178 S474 02191 16/01/2025 16/01/2025 Books 2
    Dewey Decimal Classification     SEACOM ENGINEERING COLLEGE SEACOM ENGINEERING COLLEGE 06/06/2006   621.3178 S474 02192 16/01/2025 16/01/2025 Books 3
    Dewey Decimal Classification     SEACOM ENGINEERING COLLEGE SEACOM ENGINEERING COLLEGE 06/06/2006   621.3178 S474 02193 16/01/2025 16/01/2025 Books 4
    Dewey Decimal Classification     SEACOM ENGINEERING COLLEGE SEACOM ENGINEERING COLLEGE 06/06/2006   621.3178 S474 02194 16/01/2025 16/01/2025 Books 5
    Dewey Decimal Classification     SEACOM ENGINEERING COLLEGE SEACOM ENGINEERING COLLEGE 22/08/2028   621.3178 S474 11772 16/01/2025 16/01/2025 Books 6
    Dewey Decimal Classification     SEACOM ENGINEERING COLLEGE SEACOM ENGINEERING COLLEGE 22/08/2028   621.3178 S474 11773 16/01/2025 16/01/2025 Books 7
    Dewey Decimal Classification     SEACOM ENGINEERING COLLEGE SEACOM ENGINEERING COLLEGE 22/08/2028   621.3178 S474 11774 16/01/2025 16/01/2025 Books 8
    Dewey Decimal Classification     SEACOM ENGINEERING COLLEGE SEACOM ENGINEERING COLLEGE 22/08/2028   621.3178 S474 11775 16/01/2025 16/01/2025 Books 9
    Dewey Decimal Classification     SEACOM ENGINEERING COLLEGE SEACOM ENGINEERING COLLEGE 22/08/2028   621.3178 S474 11776 16/01/2025 16/01/2025 Books 10
© Seacom Engineering College, All rights reserved.      Powered by Koha